Economía de los recursos naturales y del medio ambiente
שמור ב:
| Main Authors: | , |
|---|---|
| פורמט: | ספר |
| שפה: | ספרדית |
| יצא לאור: |
Madrid
Colegio de Economistas de Madrid
1995
|
| מהדורה: | 1a. ed |
| נושאים: | |
| תגים: |
הוספת תג
אין תגיות, היה/י הראשונ/ה לתייג את הרשומה!
|
MARC
| LEADER | 00000cam a2200000 a 4500 | ||
|---|---|---|---|
| 001 | UCD4306 | ||
| 003 | CL-VaPUC | ||
| 008 | 160701e19950000sp |||||||||||||||||spa|d | ||
| 020 | |a 8487553567 | ||
| 082 | 0 | 4 | |a 333.7 |b PEA |2 21 |
| 100 | |a Pearce, David W. |e autor |9 590759 | ||
| 700 | 0 | |a Turner, R. Kerry |e author |9 587990 | |
| 245 | 1 | 0 | |a Economía de los recursos naturales y del medio ambiente |
| 250 | |a 1a. ed | ||
| 300 | |a 448 p | ||
| 942 | |c BK | ||
| 945 | |d 20160701 20:49:00 |a arojas | ||
| 260 | |a Madrid |b Colegio de Economistas de Madrid |c 1995 | ||
| 650 | 0 | |a Recursos naturales |9 255232 | |
| 650 | 7 | |a CONTAMINACION |2 CL-VaPUC |9 258139 | |
| 650 | 7 | |a RECURSOS NO RENOVABLES |2 CL-VaPUC |9 359911 | |
| 650 | 7 | |a RECURSOS RENOVABLES |2 CL-VaPUC |9 339698 | |
| 650 | 0 | |a Economía ambiental |9 321367 | |
| 583 | |a last modification |c 20160701 20:49:00 |k Rodrigo Vera | ||
| 999 | |c 365244 |d 365242 | ||
| 952 | |0 0 |1 0 |3 erb |4 0 |6 333_700000000000000_PEA_1995 |7 0 |8 A |9 479035 |a BIBING |b BIBING |i 5295122 |o 333.7 PEA 1995 |p 5295122 |r 2025-01-20 |w 2019-11-24 |y BK |z Catalogado en:20160701 |k GEO | ||